000 00585nam a2200253Ia 4500
003 OSt
005 20220912152302.0
006 a|||||r|||| 00| 0
007 ta
008 220909b |||||||| |||| 00| 0 eng d
024 _a53709
037 _cTextual
040 _aCSL
_beng
_cCSL
041 _aeng
082 _aK84, 112G3
100 _aBonnet I J
245 0 _aSociete D'Histoire naturell
260 _c1933
300 _ap.
_ccm.
650 _a Arthropoda
650 _aZoology
942 _hK84, 112G3
_cTEXL
_2CC
999 _c83804
_d83804